Score 0/18 Timer 02:00
0 Plays Today
Hint 4-Letter Word % Correct
Peerage group who determines outcome of a trial•JURY•
95.1%
A longstanding unsolved murder is called a ___ caseCOLD
94.5%
Fungus that can grow on American breadMOLD
93.5%
The center of an objectCORE
92.4%
To relieve of a medical ailmentCURE
92.3%
Sport consisting of clubs, flags, and teesGOLF
89.3%
Weightlifting exercise focused on bicepsCURL
89%
MLB pitcher who threw 290th no-hitter in 2015, HamelsCOLE
86.9%
A massive chasm or body of waterGULF
84.4%
Hint 4-Letter Word % Correct
Marvel Comics' S.H.I.E.L.D. agent, NickFURY
79.8%
Emotional dispositionMOOD
78.8%
Someone who is playfully awkward around othersGOOF
77.8%
1980 Helen Mirren UK Gangster film: 'The Long ___ Friday'GOOD
77.3%
To roll upFURL
75.5%
Backtalk or sassGUFF
69.4%
Homer Simpson's choice beer brandDUFF
68.9%
A commitment to uphold specific obligations•DUTY•
43.7%
French neo-Impressionist artist, RaoulDUFY
40.3%

Today's Daily Dose

Missing Word
'T' Pairs

Word Ladder
Game Pieces

Get the Picture
Baseball Movies

Remove Ads.
Support Sporcle.
Get the best of Sporcle when you Go Orange. This ad-free experience offers more features, more stats, and more fun while also helping to support Sporcle. Thank you for becoming a member.

You're not logged in!

Compare scores with friends on all Sporcle quizzes.
OR
Log In

Show Comments

Extras

Top Quizzes Today


Score Distribution

Your Account Isn't Verified!

In order to create a playlist on Sporcle, you need to verify the email address you used during registration. Go to your Sporcle Settings to finish the process.

Report this User

Report this user for behavior that violates our Community Guidelines.

Details: